000 00639nam a22002417a 4500
003 UA-OsUOA
001 30599
007 ta
008 20041111b un ||||| |||| 00| 0 ukr d
100 _aРыбинцев И. В.
090 _a82.09(47+571)
_bР93
942 _cBK
040 _aUA-OsUOA
_brus
_cUA-OsUOA
_dUA-OsUOA
245 _aТворчество Алексея Толстого
_b(К столетию со дня рождения)
300 _a48 с.
955 _a0
041 _arus
080 _a82.09(47+571)
260 _aКиев
_bО-во "Знание"
_c1982
044 _aUA
650 7 _2UDC
999 _c317012
_d317012